Management of fruit flies in the Pacific

Wedi'i Gadw mewn:
Manylion Llyfryddiaeth
Fformat: Llyfr
Iaith:Undetermined
Cyhoeddwyd: Canberra, Australia ACIAR 1997
Pynciau:
Tagiau: Ychwanegu Tag
Dim Tagiau, Byddwch y cyntaf i dagio'r cofnod hwn!
Thư viện lưu trữ: Trung tâm Học liệu Trường Đại học Cần Thơ
LEADER 00436nam a2200157Ia 4500
001 CTU_38557
008 210402s9999 xx 000 0 und d
082 |a 632.7 
082 |b M266 
245 0 |a Management of fruit flies in the Pacific 
260 |a Canberra, Australia 
260 |b ACIAR 
260 |c 1997 
650 |a fruit flies - the pacific 
904 |i Liên, 990423 
980 |a Trung tâm Học liệu Trường Đại học Cần Thơ